00617nam a2200193Ia 450000500170000000800410001702000290005804000190008704100120010608200160011824501020013426000450023630000160028150400400029765000220033765100290035970000250038885000100041320230221094923.0140110s9999 xx 000 0 und d a9780198066804cRS.295.00 aLoreto College aEnglish a821(I)bSOU aEarly Indian poetry in EnglishbAn anthology 1829-1947cEdited and introduced by Eunice de Souza aNew DelhibOxford University Pressc2005 axxxi,341p.  aIncludes bibliographical references aPoetry in English aIndian poetry in English ade Souza,Eunice, ed. aLCLIB